| 000 | 01001nam a2200277Ia 4500 | ||
|---|---|---|---|
| 003 | OSt | ||
| 005 | 20220925205727.0 | ||
| 006 | a|||||r|||| 00| 0 | ||
| 007 | ta | ||
| 008 | 220923b |||||||| |||| 00| 0 eng d | ||
| 020 | _a962 7063 41 10 | ||
| 037 | _cGeneral Book | ||
| 040 |
_aRTL _cRTL _beng |
||
| 041 |
_2eng _aeng |
||
| 082 | _aY:5s41.N8, M7 | ||
| 100 |
_aChengrui L I Ed. _9270861 |
||
| 110 |
_aInternational Seminar on china's 1982 Population Census. ( Beijing ) (1982) _9270862 |
||
| 245 | 0 |
_aCensus of one billion people _bPapers for International Seminar on China's 1982 Population Census |
|
| 260 |
_aHong _bKong Economic Information & Agency _c1987 |
||
| 300 |
_a704p _ccm. |
||
| 490 | _aChina,Population Census Office, publication | ||
| 500 | _aAppendix P 691-703 | ||
| 700 |
_aInternational Seminar on china's 1982 Population Census. ( Beijing ) (1982) _9270863 |
||
| 942 |
_hY:5s41.N8, M7 _cGB _2CC |
||
| 999 |
_c553007 _d553007 |
||